Bleaching of reef organisms in the Santa Marta region, Colombia (Registro nro. 16176)
[ vista simple ]
| 000 -CABECERA | |
|---|---|
| Campo de control | 003920000a22001210004500 |
| 090 ## - CLASIFICACIÓN LOCAL | |
| Colección | AS |
| Consecutivo | Seriadas |
| 041 0# - IDIOMA | |
| Código de idioma para texto/pista de sonido o título separado | |
| 100 1# - ASIENTO PRINCIPAL--NOMBRE PERSONAL | |
| Nombre personal | Zea, Sven |
| 245 10 - MENCION DE TITULO | |
| Título | Bleaching of reef organisms in the Santa Marta region, Colombia |
| Version | 1987 caribbean-wide event |
| 700 1# - ASIENTO SECUNDARIO - NOMBRE PERSONAL | |
| Nombre personal | Duque Tobón, Fernando |
| 773 1# - Item fuente: | |
| Título | Trianea |
| Datos de la serie | Acta Científica y Tecnológica |
| Descripción física | 3 |
| Paginas del Articulo | 37-51 |
| Lugar, editorial y fecha de publicación | 1989 |
| 942 ## - ELEMENTOS ADICIONALES (KOHA) | |
| Tipo de ítem | Artículo |
No hay ítems disponibles.